000 00353nam a2200145Ia 4500
008 210719s1947 xx 000 0 und d
041 _aeng
082 _a821.912 MADC
100 _aMADELEVA (M)
245 _aCollected poems.
260 _aNew York
_bMacmillan & Co. Ltd.
_c1947
300 _axvii,166
_bHB
365 _cRs
650 _aEnglish Poetry
999 _c214048
_d214048